Trouve le pays d'Europe par le drapeau aléatoire - Statistiques

Statistiques générales
  • Ce quiz a été pris 118 fois
  • Le résultat moyen est 15 sur 16
Statistiques - réponses
Par images Réponse % Correct
Suisse
100%
Allemagne
98%
Belgique
98%
Espagne
98%
Royaume-Uni
98%
Suède
98%
Croatie
97%
Finlande
96%
Italie
96%
France
94%
Norvège
94%
Albanie
90%
Macédoine
90%
Serbie
83%
Bulgarie
82%
Lettonie
68%
Aucun quiz correspondant
Distribution des résultats
% des personnes avec chaque résultat
Percentile par nombre de réponses
Votre historique - résultats
Vous n’avez pas pris ce quiz